[Event "Oberliga Ost-A 2122"]
[Site "Germany"]
[Date "2022.05.08"]
[Round "8.1"]
[White "Belous, Mikhail"]
[Black "Stolz, Mike"]
[Result "1-0"]
[WhiteElo "2362"]
[BlackElo "2339"]
[PlyCount "91"]
[EventDate "2021.10.10"]
[EventType "team-tourn"]
[EventRounds "11"]
[EventCountry "GER"]
[SourceTitle "EXT 2023"]
[Source "ChessBase"]
[SourceDate "2022.10.05"]
[SourceVersion "1"]
[SourceVersionDate "2022.10.05"]
[SourceQuality "1"]
[WhiteTeam "Dessau"]
[BlackTeam "Magdeburg Rochade"]
[WhiteTeamCountry "GER"]
[BlackTeamCountry "GER"]

1. d4 Nf6 2. c4 c5 3. d5 e6 4. Nc3 exd5 5. cxd5 d6 6. e4 g6 7. f3 Bg7 8. Bg5 0-0 9. Qd2 a6 10. a4 Nbd7 11. Nh3 Re8 12. Be2 Qc7 13. Nf2 c4 14. 0-0 Rb8 15. Rfc1 b5 16. axb5 axb5 17. b4 Nf8 18. Ra5 Bd7 19. Rca1 h5 20. Bf4 Rb7 21. Ra6 Rb6 22. Ra7 Qb8 23. R1a3 N6h7 24. Be3 Rb7 25. R7a6 Qc7 26. Bd4 Reb8 27. Bxg7 Kxg7 28. Qd4+ f6 29. f4 Rb6 30. g4 hxg4 31. Bxg4 Kf7 32. Ra7 R8b7 33. Rxb7 Qxb7 34. e5 dxe5 35. fxe5 fxe5 36. Qxe5 Nf6 37. Bf3 Qb8 38. Qd4 Bf5 39. Nce4 Bxe4 40. Nxe4 Nxe4 41. Bxe4 Nd7 42. d6 Nf6 43. Bd5+ Kg7 44. Re3 Rxd6 45. Re7+ Kh8 46. Qf4 1-0

[Event "Oberliga Ost-A 2122"]
[Site "Germany"]
[Date "2022.05.01"]
[Round "3.1"]
[White "Strache, Michael"]
[Black "Belous, Mikhail"]
[Result "1/2-1/2"]
[WhiteElo "2302"]
[BlackElo "2362"]
[PlyCount "27"]
[EventDate "2021.10.10"]
[EventType "team-tourn"]
[EventRounds "11"]
[EventCountry "GER"]
[SourceTitle "EXT 2023"]
[Source "ChessBase"]
[SourceDate "2022.10.05"]
[SourceVersion "1"]
[SourceVersionDate "2022.10.05"]
[SourceQuality "1"]
[WhiteTeam "Sangerhausen"]
[BlackTeam "Dessau"]
[WhiteTeamCountry "GER"]
[BlackTeamCountry "GER"]

1. d4 Nf6 2. Nf3 g6 3. g3 Bg7 4. Bg2 0-0 5. 0-0 d6 6. c4 Nc6 7. Nc3 e5 8. d5 Nb8 9. c5 Na6 10. cxd6 cxd6 11. Nd2 Bd7 12. a4 Rc8 13. Qb3 Qc7 14. Qa3 1/2-1/2

[Event "GER-ch Net blitz qual2"]
[Site "Playchess.com INT"]
[Date "2021.05.04"]
[Round "8"]
[White "Belous, Mikhail"]
[Black "Bluebaum, Karl Ernst"]
[Result "1-0"]
[WhiteElo "1620"]
[BlackElo "1986"]
[PlyCount "149"]
[EventDate "2021.05.04"]
[EventType "swiss (blitz)"]
[EventRounds "11"]
[EventCountry "GER"]
[SourceTitle "CBM 202 Extra"]
[Source "ChessBase"]
[SourceDate "2021.07.31"]
[SourceVersion "1"]
[SourceVersionDate "2021.07.31"]
[SourceQuality "1"]

1. d4 d5 2. c4 e6 3. Nc3 Bb4 4. Nf3 Nf6 5. cxd5 exd5 6. Bg5 h6 7. Bxf6 Qxf6 8. e3 0-0 9. Be2 c6 10. 0-0 Bd6 11. e4 dxe4 12. Nxe4 Qe7 13. Nxd6 Qxd6 14. Qc2 Be6 15. Rfd1 Nd7 16. Rac1 Bd5 17. Qc3 Rfe8 18. Re1 Rad8 19. Bf1 a6 20. Ne5 f6 21. Nxd7 Qxd7 22. Bc4 Qf7 23. Rxe8+ Rxe8 24. Kf1 Qe6 25. Bxd5 Qxd5 26. Qc4 Rd8 27. Qxd5+ Rxd5 28. Rc4 Kf7 29. Ke2 Ke7 30. Ke3 Rd7 31. Rc2 Kd6 32. g4 b6 33. f4 Re7+ 34. Kd3 Kd5 35. g5 Re4 36. gxf6 gxf6 37. Rxc6 Rxd4+ 38. Kc3 Kxc6 39. Kxd4 Kd6 40. Ke4 Ke6 41. f5+ Kd6 42. Kd4 Kc6 43. a4 a5 44. Kc4 h5 45. h4 Kd6 46. Kb5 Ke5 47. Kxb6 Kxf5 48. Kxa5 Kg4 49. b4 f5 50. b5 f4 51. b6 f3 52. b7 f2 53. b8Q f1Q 54. Qb4+ Kh3 55. Kb6 Qf6+ 56. Kb5 Qe5+ 57. Qc5 Qb8+ 58. Qb6 Qe5+ 59. Qc5 Qb8+ 60. Kc4 Kxh4 61. a5 Qg8+ 62. Kb4 Qb8+ 63. Ka4 Qe8+ 64. Qb5 Qe1 65. Qb4+ Qxb4+ 66. Kxb4 Kg3 67. a6 h4 68. a7 h3 69. a8Q Kh2 70. Qa2+ Kg1 71. Qb1+ Kg2 72. Qc2+ Kg1 73. Qd1+ Kg2 74. Qg4+ Kh2 75. Kc3 1-0

[Event "GER-ch Net blitz qual2"]
[Site "Playchess.com INT"]
[Date "2021.05.04"]
[Round "3"]
[White "Belous, Mikhail"]
[Black "Halt, David"]
[Result "1-0"]
[WhiteElo "1620"]
[BlackElo "1845"]
[PlyCount "107"]
[EventDate "2021.05.04"]
[EventType "swiss (blitz)"]
[EventRounds "11"]
[EventCountry "GER"]
[SourceTitle "CBM 202 Extra"]
[Source "ChessBase"]
[SourceDate "2021.07.31"]
[SourceVersion "1"]
[SourceVersionDate "2021.07.31"]
[SourceQuality "1"]

1. d4 f5 2. Nf3 Nf6 3. g3 g6 4. Bg2 Bg7 5. 0-0 0-0 6. c4 d6 7. Nc3 c6 8. Re1 Ne4 9. Qc2 Nxc3 10. Qxc3 e5 11. dxe5 dxe5 12. Bg5 Qc7 13. Qc2 h6 14. Be3 e4 15. Nd4 Rd8 16. Rad1 Na6 17. a3 Qf7 18. b4 Nc7 19. Nb3 Be6 20. Nc5 Bxc4 21. Nxb7 Bb3 22. Nxd8 Bxc2 23. Nxf7 Bxd1 24. Rxd1 Nd5 25. Nd6 Nxe3 26. fxe3 Rd8 27. Rd2 Bc3 28. Rc2 Be5 29. Nc4 Bf6 30. Kf2 g5 31. Na5 Rd6 32. Nxc6 a6 33. a4 Kf7 34. g4 Ke6 35. gxf5+ Kxf5 36. b5 axb5 37. axb5 Rd5 38. Nd4+ Bxd4 39. exd4 Rxb5 40. Rc5+ Rxc5 41. dxc5 Ke5 42. Ke3 Kd5 43. Bxe4+ Kxc5 44. Bf3 Kd6 45. Ke4 Ke6 46. Bg4+ Kf6 47. Kd5 Kg6 48. e4 h5 49. Be2 g4 50. e5 Kf5 51. e6 h4 52. e7 g3 53. hxg3 hxg3 54. e8Q 1-0

[Event "GER-ch Net blitz qual2"]
[Site "Playchess.com INT"]
[Date "2021.05.04"]
[Round "1"]
[White "Belous, Mikhail"]
[Black "Toellner, Uwe"]
[Result "1-0"]
[WhiteElo "1620"]
[BlackElo "1970"]
[PlyCount "83"]
[EventDate "2021.05.04"]
[EventType "swiss (blitz)"]
[EventRounds "11"]
[EventCountry "GER"]
[SourceTitle "CBM 202 Extra"]
[Source "ChessBase"]
[SourceDate "2021.07.31"]
[SourceVersion "1"]
[SourceVersionDate "2021.07.31"]
[SourceQuality "1"]

1. d4 Nf6 2. c4 c5 3. d5 e6 4. Nc3 exd5 5. cxd5 d6 6. Nf3 g6 7. g3 Bg7 8. Bg2 0-0 9. 0-0 a6 10. a4 Re8 11. Nd2 Nbd7 12. Nc4 Ne5 13. Na3 Nh5 14. h3 f5 15. Kh2 Bd7 16. f4 Nf7 17. Nc4 b5 18. axb5 axb5 19. Rxa8 Qxa8 20. Nb6 Qb7 21. Nxd7 Qxd7 22. Qc2 b4 23. Nd1 Nf6 24. Nf2 Qe7 25. Re1 Ne4 26. Nxe4 fxe4 27. b3 Nh6 28. Bb2 Nf5 29. e3 Bxb2 30. Qxb2 Qg7 31. Qc2 h5 32. Bxe4 h4 33. Bxf5 gxf5 34. gxh4 Qf6 35. Rg1+ Kh8 36. Qe2 Qf7 37. Rg5 Re4 38. Rh5+ Kg8 39. Qg2+ Kf8 40. Rh8+ Ke7 41. Qg5+ Qf6 42. Rh7+ 1-0

[Event "GER-ch Net blitz qual2"]
[Site "Playchess.com INT"]
[Date "2021.05.04"]
[Round "4"]
[White "Fabregas, Oliver"]
[Black "Belous, Mikhail"]
[Result "0-1"]
[WhiteElo "1907"]
[BlackElo "1620"]
[PlyCount "46"]
[EventDate "2021.05.04"]
[EventType "swiss (blitz)"]
[EventRounds "11"]
[EventCountry "GER"]
[SourceTitle "CBM 202 Extra"]
[Source "ChessBase"]
[SourceDate "2021.07.31"]
[SourceVersion "1"]
[SourceVersionDate "2021.07.31"]
[SourceQuality "1"]

1. Nf3 Nf6 2. g3 g6 3. Bg2 Bg7 4. d4 0-0 5. 0-0 d6 6. a4 a5 7. b3 c6 8. Bb2 Nbd7 9. c4 Qc7 10. Nc3 e5 11. e4 exd4 12. Nxd4 Re8 13. Re1 Nc5 14. Qc2 Ng4 15. Rad1 Qb6 16. Nce2 Bd7 17. h3 Nf6 18. Nc3 Rad8 19. Kh2 Bc8 20. Ba3 Re7 21. Bxc5 Qxc5 22. Nf3 Rde8 23. Ng5 Qxg5 0-1

[Event "Titled Tuesday intern op 06th Apr"]
[Site "Chess.com INT"]
[Date "2021.04.06"]
[Round "2"]
[White "Corrales Jimenez, Fidel"]
[Black "Belous, Mikhail"]
[Result "1-0"]
[WhiteElo "2532"]
[BlackElo "2362"]
[PlyCount "91"]
[EventDate "2021.04.06"]
[EventType "swiss (blitz)"]
[EventRounds "11"]
[EventCountry "USA"]
[SourceTitle "CBM 201 Extra"]
[Source "ChessBase"]
[SourceDate "2021.05.31"]
[SourceVersion "1"]
[SourceVersionDate "2021.05.31"]
[SourceQuality "1"]

1. e4 c5 2. Nf3 d6 3. d4 cxd4 4. Nxd4 Nf6 5. Nc3 a6 6. Be3 e5 7. Nb3 Be6 8. f3 h5 9. Qd2 Nbd7 10. 0-0-0 Be7 11. Kb1 Rc8 12. Nd5 Nxd5 13. exd5 Bf5 14. Bd3 Bxd3 15. Qxd3 Bg5 16. Bf2 g6 17. h4 Bh6 18. g4 Bg7 19. gxh5 Rxh5 20. Rhg1 Kf8 21. Rg4 Qf6 22. c3 Rf5 23. Nd2 Nc5 24. Bxc5 dxc5 25. Ne4 Qd8 26. d6 Qd7 27. Rg5 Rxg5 28. hxg5 c4 29. Qd5 b5 30. a3 Rd8 31. Ka1 Kg8 32. Nc5 Qf5 33. Nb7 Rd7 34. Qc6 Qc2 35. Rh1 Qf5 36. Qxa6 e4 37. f4 e3 38. Qa8+ Bf8 39. Qe8 Qd5 40. Qxd7 Qxh1+ 41. Ka2 e2 42. Nd8 Qd5 43. Qe8 Kg7 44. d7 Bxa3 45. Nxf7 Qxf7 46. d8Q 1-0

[Event "Titled Tuesday intern op 24th Nov"]
[Site "Chess.com INT"]
[Date "2020.11.24"]
[Round "1"]
[White "Belous, Mikhail"]
[Black "Supi, Luis Paulo"]
[Result "0-1"]
[WhiteElo "2362"]
[BlackElo "2572"]
[PlyCount "60"]
[EventDate "2020.11.24"]
[EventType "swiss (blitz)"]
[EventRounds "11"]
[EventCountry "USA"]
[SourceTitle "CBM 199 Extra"]
[Source "ChessBase"]
[SourceDate "2021.01.31"]
[SourceVersion "1"]
[SourceVersionDate "2021.01.31"]
[SourceQuality "1"]

1. d4 Nf6 2. c4 g6 3. f3 Bg7 4. e4 0-0 5. Nc3 d6 6. Be3 Nc6 7. Nge2 a6 8. Qd2 Rb8 9. h4 h5 10. Bh6 b5 11. 0-0-0 bxc4 12. g4 e5 13. Nd5 Nxd5 14. exd5 c3 15. Nxc3 Nxd4 16. gxh5 Bf5 17. hxg6 fxg6 18. h5 Bxh6 19. Qxh6 g5 20. f4 Rxb2 21. Kxb2 Qb8+ 22. Kc1 Qb4 23. Qxg5+ Kf7 24. Rxd4 Qxc3+ 25. Kd1 Qxd4+ 26. Ke1 Qe4+ 27. Kf2 Rg8 28. Qh4 Qd4+ 29. Ke1 Qe3+ 30. Be2 Rg2 0-1

[Event "Titled Tuesday intern op 17th Nov"]
[Site "Chess.com INT"]
[Date "2020.11.17"]
[Round "4"]
[White "Caspi, Israel"]
[Black "Belous, Mikhail"]
[Result "1-0"]
[WhiteElo "2492"]
[BlackElo "2362"]
[PlyCount "107"]
[EventDate "2020.11.17"]
[EventType "swiss (blitz)"]
[EventRounds "11"]
[EventCountry "USA"]
[SourceTitle "CBM 199 Extra"]
[Source "ChessBase"]
[SourceDate "2021.01.31"]
[SourceVersion "1"]
[SourceVersionDate "2021.01.31"]
[SourceQuality "1"]

1. e4 c5 2. Nf3 d6 3. d4 cxd4 4. Nxd4 Nf6 5. Nc3 a6 6. f3 e5 7. Nb3 Be6 8. Be3 h5 9. Nd5 Bxd5 10. exd5 Nbd7 11. Qd2 g6 12. Be2 Bg7 13. 0-0 b6 14. Rac1 0-0 15. h3 Re8 16. c4 a5 17. Qe1 a4 18. Nd2 Nc5 19. Qf2 e4 20. f4 Nfd7 21. f5 g5 22. Bxh5 Nd3 23. Qg3 Nxc1 24. Bxg5 Nf6 25. Bxf6 Qxf6 26. Rxc1 Qd4+ 27. Kh1 Qxd2 28. Rf1 Qd3 29. Qf4 f6 30. Rd1 Qc2 31. Qg3 e3 32. Re1 e2 33. Kh2 Qxf5 34. Bxe8 Rxe8 35. Qxd6 Qe5+ 36. Qxe5 Rxe5 37. Kg3 Bh6 38. Kf3 Kf8 39. Rxe2 Rxe2 40. Kxe2 Ke7 41. b3 axb3 42. axb3 Kd6 43. g3 Kc5 44. Kd3 Bf8 45. h4 Bd6 46. g4 Kb4 47. g5 fxg5 48. hxg5 Kxb3 49. g6 Be5 50. d6 b5 51. cxb5 Kb4 52. b6 Kc5 53. d7 Kd6 54. d8Q+ 1-0

[Event "Titled Tuesday intern op 26th May"]
[Site "Chess.com INT"]
[Date "2020.05.26"]
[Round "1"]
[White "Andreikin, Dmitry"]
[Black "Belous, Mikhail"]
[Result "1-0"]
[WhiteElo "2726"]
[BlackElo "2362"]
[PlyCount "61"]
[EventDate "2020.05.26"]
[EventType "swiss (blitz)"]
[EventRounds "10"]
[EventCountry "USA"]
[SourceTitle "CBM 196 Extra"]
[Source "ChessBase"]
[SourceDate "2020.07.31"]
[SourceVersion "1"]
[SourceVersionDate "2020.07.31"]
[SourceQuality "1"]

1. e4 c5 2. Nf3 d6 3. d4 cxd4 4. Nxd4 Nf6 5. Nc3 a6 6. a4 e5 7. Nf3 Be7 8. Bg5 0-0 9. Bxf6 Bxf6 10. Bc4 Be6 11. Nd5 Nd7 12. 0-0 Rc8 13. Ba2 Bg5 14. Qe2 Bh6 15. Rfd1 Nb6 16. a5 Nxd5 17. Bxd5 Qc7 18. c3 Rfd8 19. h3 g6 20. Ra4 Bxd5 21. Rxd5 Qc6 22. Rb4 Bf8 23. Qd1 Qc7 24. Qb3 Rb8 25. Rb6 Qc8 26. Nd2 Rd7 27. Nc4 Qd8 28. Qd1 Rc8 29. Nxe5 Re7 30. Rbxd6 Qe8 31. Ng4 1-0

[Event "Titled Tuesday intern op 26th May"]
[Site "Chess.com INT"]
[Date "2020.05.26"]
[Round "7"]
[White "Belous, Mikhail"]
[Black "Weetik, Vjacheslav"]
[Result "0-1"]
[WhiteElo "2362"]
[BlackElo "2423"]
[PlyCount "82"]
[EventDate "2020.05.26"]
[EventType "swiss (blitz)"]
[EventRounds "10"]
[EventCountry "USA"]
[SourceTitle "CBM 196 Extra"]
[Source "ChessBase"]
[SourceDate "2020.07.31"]
[SourceVersion "1"]
[SourceVersionDate "2020.07.31"]
[SourceQuality "1"]

1. d4 f5 2. Nf3 Nf6 3. g3 e6 4. Bg2 d5 5. 0-0 Bd6 6. c4 c6 7. Nc3 0-0 8. Qc2 Qe8 9. Rb1 b6 10. b4 Bb7 11. b5 c5 12. cxd5 exd5 13. Bg5 Ne4 14. Rfd1 c4 15. Bf4 Nd7 16. Nxe4 Bxf4 17. Nc3 Bd6 18. Ne5 Nxe5 19. dxe5 Bxe5 20. Nxd5 Rc8 21. Nf6+ Bxf6 22. Bxb7 Rc5 23. Rd5 Qe7 24. Bc6 c3 25. Rbd1 Rxd5 26. Rxd5 g6 27. Rd7 Qe5 28. Rxa7 Bg7 29. Rd7 Kh8 30. a4 Qc5 31. h4 f4 32. Rd5 Qb4 33. Rd1 fxg3 34. fxg3 Qg4 35. Qd3 Be5 36. Kg2 Kg7 37. Rf1 Rf6 38. Qd6 Rxd6 39. Rf7+ Kxf7 40. Be8+ Kf6 41. e4 Qxe4+ 0-1

[Event "Titled Tuesday intern op 26th May"]
[Site "Chess.com INT"]
[Date "2020.05.26"]
[Round "6"]
[White "Riehle, Marco"]
[Black "Belous, Mikhail"]
[Result "1/2-1/2"]
[WhiteElo "2347"]
[BlackElo "2362"]
[PlyCount "66"]
[EventDate "2020.05.26"]
[EventType "swiss (blitz)"]
[EventRounds "10"]
[EventCountry "USA"]
[SourceTitle "CBM 196 Extra"]
[Source "ChessBase"]
[SourceDate "2020.07.31"]
[SourceVersion "1"]
[SourceVersionDate "2020.07.31"]
[SourceQuality "1"]

1. e4 c5 2. a3 e6 3. b4 cxb4 4. axb4 Bxb4 5. Bb2 Nf6 6. e5 Nd5 7. c4 Nc7 8. Qg4 0-0 9. Nf3 Nc6 10. h4 Ne8 11. Bd3 h6 12. Qe4 f5 13. exf6 Nxf6 14. Qf4 d5 15. Ng5 Ne4 16. Qg4 hxg5 17. hxg5 Qxg5 18. Qh3 Bxd2+ 19. Ke2 Rxf2+ 20. Kd1 Ne5 21. Bxe4 dxe4 22. Qh7+ Kf7 23. Qxe4 Qg4+ 24. Qxg4 Nxg4 25. Nxd2 Ne3+ 26. Kc1 Rxg2 27. Re1 Nf5 28. Nf3 b6 29. Ne5+ Ke7 30. Ba3+ Kf6 31. Bb2 Ke7 32. Ba3+ Kf6 33. Bb2 Ke7 1/2-1/2

[Event "Titled Tuesday intern op 19th May"]
[Site "Chess.com INT"]
[Date "2020.05.19"]
[Round "3"]
[White "Andreikin, Dmitry"]
[Black "Belous, Mikhail"]
[Result "1-0"]
[WhiteElo "2726"]
[BlackElo "2362"]
[PlyCount "97"]
[EventDate "2020.05.19"]
[EventType "swiss (blitz)"]
[EventRounds "10"]
[EventCountry "USA"]
[SourceTitle "EXT 2021"]
[Source "ChessBase"]
[SourceDate "2020.10.23"]
[SourceVersion "1"]
[SourceVersionDate "2020.10.23"]
[SourceQuality "1"]

1. e4 c5 2. c3 Nf6 3. e5 Nd5 4. d4 cxd4 5. Nf3 Nc6 6. Bc4 Nb6 7. Bb3 d6 8. exd6 Qxd6 9. Nxd4 Nxd4 10. cxd4 Be6 11. Nc3 Bxb3 12. Qxb3 e6 13. 0-0 Be7 14. Rd1 0-0 15. d5 exd5 16. Be3 Rfd8 17. Bxb6 Qxb6 18. Qxb6 axb6 19. Nxd5 Kf8 20. Kf1 Rac8 21. Ne3 Bf6 22. Rxd8+ Rxd8 23. Rd1 Rxd1+ 24. Nxd1 Ke7 25. Ke2 Kd6 26. Kd3 Kc5 27. b3 Bd4 28. g4 g5 29. Ke4 b5 30. Kf5 h6 31. Ke4 b4 32. h3 b6 33. Ne3 Bxe3 34. fxe3 Kd6 35. Kf5 Kd5 36. Kf6 Ke4 37. Kxf7 Kxe3 38. Kg6 Kd3 39. Kxh6 Kc2 40. Kxg5 Kb2 41. h4 Kxa2 42. h5 Kxb3 43. h6 Ka2 44. h7 b3 45. h8Q b2 46. Qa8+ Kb3 47. Qb7 Ka2 48. Qxb6 b1N 49. Qxb1+ 1-0

[Event "Titled Tuesday intern op 19th May"]
[Site "Chess.com INT"]
[Date "2020.05.19"]
[Round "2"]
[White "Belous, Mikhail"]
[Black "Albornoz Cabrera, Carlos Daniel"]
[Result "0-1"]
[WhiteElo "2362"]
[BlackElo "2573"]
[PlyCount "56"]
[EventDate "2020.05.19"]
[EventType "swiss (blitz)"]
[EventRounds "10"]
[EventCountry "USA"]
[SourceTitle "EXT 2021"]
[Source "ChessBase"]
[SourceDate "2020.10.23"]
[SourceVersion "1"]
[SourceVersionDate "2020.10.23"]
[SourceQuality "1"]

1. d4 Nf6 2. c4 g6 3. f3 Bg7 4. e4 d6 5. Nc3 0-0 6. Be3 c5 7. Nge2 Nc6 8. d5 Na5 9. Ng3 e6 10. Be2 exd5 11. cxd5 a6 12. a4 h5 13. 0-0 Bd7 14. h3 Re8 15. f4 h4 16. e5 hxg3 17. exf6 Qxf6 18. Rf3 Rxe3 19. Rxe3 Qd4 20. Qd3 c4 21. Qe4 Re8 22. Qxe8+ Bxe8 23. Nd1 Bd7 24. Kh1 Qd2 25. Bf3 Nb3 26. Rb1 Bd4 27. Re2 Qd3 28. Be4 Qxe2 0-1

[Event "Titled Tuesday intern op 12th May"]
[Site "Chess.com INT"]
[Date "2020.05.12"]
[Round "2"]
[White "Belous, Mikhail"]
[Black "Vishnu, Prasanna V"]
[Result "0-1"]
[WhiteElo "2362"]
[BlackElo "2476"]
[PlyCount "64"]
[EventDate "2020.05.12"]
[EventType "swiss (blitz)"]
[EventRounds "10"]
[EventCountry "USA"]
[SourceTitle "EXT 2021"]
[Source "ChessBase"]
[SourceDate "2020.10.23"]
[SourceVersion "1"]
[SourceVersionDate "2020.10.23"]
[SourceQuality "1"]

1. d4 Nf6 2. c4 g6 3. f3 Bg7 4. e4 d6 5. Nc3 Nbd7 6. Be3 a6 7. Nge2 0-0 8. Qd2 b5 9. cxb5 axb5 10. Nxb5 c6 11. Nbc3 e5 12. Ng3 d5 13. dxe5 Nxe5 14. exd5 Nxd5 15. Nxd5 cxd5 16. Be2 d4 17. Bh6 Bxh6 18. Qxh6 d3 19. Bd1 Qd4 20. Ne4 Ng4 21. Qd2 Re8 22. fxg4 Rxe4+ 23. Kf1 Re2 24. Bxe2 dxe2+ 25. Ke1 Qxg4 26. Qxe2 Qb4+ 27. Qd2 Qe4+ 28. Qe2 Qc6 29. Rd1 Ba6 30. Qg4 Re8+ 31. Kd2 Qc5 32. Rhe1 Rd8+ 0-1

[Event "Titled Tuesday intern op 3rd March"]
[Site "Chess.com INT"]
[Date "2020.03.03"]
[Round "2"]
[White "Belous, Mikhail"]
[Black "Ramoutar, Alan Safar"]
[Result "1/2-1/2"]
[WhiteElo "2362"]
[BlackElo "2305"]
[PlyCount "132"]
[EventDate "2020.03.03"]
[EventType "swiss (blitz)"]
[EventRounds "10"]
[EventCountry "USA"]
[SourceTitle "EXT 2021"]
[Source "ChessBase"]
[SourceDate "2020.10.23"]
[SourceVersion "1"]
[SourceVersionDate "2020.10.23"]
[SourceQuality "1"]

1. d4 Nf6 2. c4 e6 3. Nf3 d5 4. Nc3 Be7 5. Bg5 h6 6. Bh4 0-0 7. e3 Ne4 8. Bxe7 Qxe7 9. Qc2 Nxc3 10. Qxc3 dxc4 11. Bxc4 b6 12. 0-0 Bb7 13. Rac1 c5 14. dxc5 Qxc5 15. Qd4 Qxd4 16. Nxd4 Na6 17. Nb5 Rfd8 18. Rfd1 Rxd1+ 19. Rxd1 Rc8 20. Bb3 Nc5 21. Bc2 Bd5 22. a3 a6 23. Nc3 Bc4 24. f3 b5 25. Kf2 a5 26. Rd4 Bb3 27. Bb1 e5 28. Rd6 b4 29. axb4 axb4 30. Nd5 Bxd5 31. Rxd5 Na4 32. Rd2 b3 33. Bf5 Rb8 34. Ke2 g6 35. Be4 f5 36. Bd5+ Kf8 37. Kd3 Rd8 38. Kc4 Nb6+ 39. Kc5 Nxd5 40. Rxd5 Rc8+ 41. Kb4 Rb8+ 42. Kc4 e4 43. fxe4 fxe4 44. Re5 Kf7 45. Rxe4 Rd8 46. Kc3 Rc8+ 47. Rc4 Rd8 48. Rd4 Re8 49. e4 Kf6 50. Kxb3 Ke5 51. Rc4 Rd8 52. Kc3 Rd1 53. b4 Re1 54. Kd2 Rg1 55. Ke3 Rxg2 56. b5 Rxh2 57. Rb4 Ra2 58. b6 Ra8 59. b7 Rb8 60. Rb6 g5 61. Kf3 h5 62. Kg3 Kxe4 63. Rb5 Kd4 64. Rxg5 Rxb7 65. Rxh5 Rb3+ 66. Kf4 Rc3 1/2-1/2

[Event "Prague op"]
[Site "Prague"]
[Date "2020.02.18"]
[Round "5"]
[White "Kantans, Toms"]
[Black "Belous, Mikhail"]
[Result "1-0"]
[WhiteElo "2499"]
[BlackElo "2355"]
[PlyCount "67"]
[EventDate "2020.02.14"]
[EventType "swiss"]
[EventRounds "9"]
[EventCountry "CZE"]
[SourceTitle "CBM 195 Extra"]
[Source "ChessBase"]
[SourceDate "2020.05.31"]
[SourceVersion "1"]
[SourceVersionDate "2020.05.31"]
[SourceQuality "1"]

1. e4 c5 2. Nf3 d6 3. d4 cxd4 4. Nxd4 Nf6 5. Nc3 a6 6. Bg5 Nbd7 7. Qe2 h6 8. Bh4 g6 9. f4 e5 10. fxe5 dxe5 11. Nb3 Qc7 12. Qf3 Bg7 13. 0-0-0 b5 14. Kb1 Bb7 15. Bxb5 axb5 16. Nxb5 Qc6 17. Nd6+ Kf8 18. Rhf1 Kg8 19. Rf2 Kh7 20. g4 Rhf8 21. a3 Ba6 22. g5 Nh5 23. Nf5 hxg5 24. Bxg5 Bf6 25. Rd6 Qc7 26. Qg4 Bc4 27. Qh4 Be6 28. Rfd2 Qd8 29. Rg2 Rc8 30. Bxf6 Qxf6 31. Rg5 Rc7 32. Rxd7 Bxf5 33. Rxh5+ Kg7 34. Rh7+ 1-0

[Event "Titled Tuesday intern op 4th Febr"]
[Site "Chess.com INT"]
[Date "2020.02.04"]
[Round "5"]
[White "Belous, Mikhail"]
[Black "Manush, Shah"]
[Result "1-0"]
[WhiteElo "2355"]
[BlackElo "2322"]
[PlyCount "89"]
[EventDate "2020.02.04"]
[EventType "swiss (blitz)"]
[EventRounds "10"]
[EventCountry "USA"]
[SourceTitle "EXT 2021"]
[Source "ChessBase"]
[SourceDate "2020.10.23"]
[SourceVersion "1"]
[SourceVersionDate "2020.10.23"]
[SourceQuality "1"]

1. d4 d5 2. c4 c6 3. e3 Nf6 4. Nf3 Bf5 5. Nc3 a6 6. Nh4 Bc8 7. cxd5 cxd5 8. Qb3 b5 9. Bd2 Nc6 10. Rc1 e6 11. Nxb5 Bd7 12. Nc3 Bd6 13. Nf3 0-0 14. Be2 Rb8 15. Qc2 Nb4 16. Qb1 Qb6 17. 0-0 Qa7 18. Ne5 Rfc8 19. a3 Nc6 20. Nxc6 Bxc6 21. b4 a5 22. Na2 Ne4 23. Be1 Qe7 24. f3 Nf6 25. Bh4 axb4 26. axb4 Bxb4 27. Bxf6 gxf6 28. Nxb4 Rxb4 29. Qa2 Qb7 30. Ba6 Qa7 31. Qd2 Rcb8 32. Rxc6 Rb2 33. Qd3 R8b3 34. Rc3 Rb6 35. Ra3 Qb8 36. f4 Rc6 37. Rc3 Rcb6 38. Rc8+ Qxc8 39. Bxc8 Kg7 40. f5 R6b3 41. Qd1 Rc3 42. fxe6 Rxc8 43. Qg4+ Kf8 44. e7+ Kxe7 45. Qxc8 1-0

[Event "Titled Tuesday intern op 4th Febr"]
[Site "Chess.com INT"]
[Date "2020.02.04"]
[Round "1"]
[White "Pichot, Alan"]
[Black "Belous, Mikhail"]
[Result "1-0"]
[WhiteElo "2606"]
[BlackElo "2355"]
[PlyCount "83"]
[EventDate "2020.02.04"]
[EventType "swiss (blitz)"]
[EventRounds "10"]
[EventCountry "USA"]
[SourceTitle "EXT 2021"]
[Source "ChessBase"]
[SourceDate "2020.10.23"]
[SourceVersion "1"]
[SourceVersionDate "2020.10.23"]
[SourceQuality "1"]

1. e4 c5 2. Nf3 d6 3. d4 cxd4 4. Nxd4 Nf6 5. Nc3 a6 6. h3 e5 7. Nb3 h5 8. f4 Nbd7 9. a4 b6 10. g3 Bb7 11. Bg2 Rc8 12. Qe2 Be7 13. 0-0 h4 14. g4 exf4 15. Bxf4 Ne5 16. Rad1 Qc7 17. Rf2 Qc4 18. Qe3 Qb4 19. Rd4 Rc4 20. Bxe5 dxe5 21. Rxc4 Qxc4 22. Qxb6 Qc6 23. Qxc6+ Bxc6 24. a5 0-0 25. Nd5 Bd8 26. Rd2 Nxd5 27. exd5 Ba4 28. Rd3 Bxb3 29. Rxb3 Bxa5 30. Kf1 Bc7 31. c4 Rb8 32. Rxb8+ Bxb8 33. c5 Kf8 34. b4 Ba7 35. d6 Ke8 36. Bc6+ Kd8 37. Bd5 a5 38. c6 Bb6 39. c7+ Bxc7 40. dxc7+ Kxc7 41. bxa5 f6 42. Ke2 1-0

[Event "Titled Tuesday intern op1 4th Febr"]
[Site "Chess.com INT"]
[Date "2020.02.04"]
[Round "1"]
[White "Zierk, Steven C"]
[Black "Belous, Mikhail"]
[Result "1-0"]
[WhiteElo "2497"]
[BlackElo "2355"]
[PlyCount "79"]
[EventDate "2020.02.04"]
[EventType "swiss (blitz)"]
[EventRounds "10"]
[EventCountry "USA"]
[SourceTitle "EXT 2021"]
[Source "ChessBase"]
[SourceDate "2020.10.23"]
[SourceVersion "1"]
[SourceVersionDate "2020.10.23"]
[SourceQuality "1"]

1. e4 c5 2. Nf3 d6 3. d4 cxd4 4. Nxd4 Nf6 5. f3 e5 6. Nb3 d5 7. Bg5 d4 8. c3 Nc6 9. Bb5 h6 10. Bxf6 Qxf6 11. cxd4 exd4 12. Qxd4 Qg5 13. Bxc6+ bxc6 14. 0-0 Be6 15. f4 Qb5 16. Nc3 Qb6 17. Na4 Qb4 18. Qxb4 Bxb4 19. Nd4 Bd7 20. Rac1 c5 21. Nxc5 Bd2 22. Rcd1 Be3+ 23. Kh1 Bg4 24. Rd3 Bxd4 25. Rxd4 0-0 26. h3 Be2 27. Rf2 Bb5 28. Rfd2 Rac8 29. b4 Rfe8 30. g4 Bc6 31. a4 g6 32. Kg1 f5 33. e5 Kf7 34. Rd6 fxg4 35. Rf6+ Kg7 36. Rdd6 Bf3 37. Rxg6+ Kf7 38. Rdf6+ Ke7 39. Rg7+ Kd8 40. Rd6# 1-0